| 000 | 00792cam a22002054a 4500 | ||
|---|---|---|---|
| 020 | _a0849300681 (alk. paper) | ||
| 082 | 0 | 0 |
_a624.1762 _bCHE _cN-02 , P-70 |
| 100 |
_aChen, Wai-Fah. editor _936296 |
||
| 245 | 0 | 0 |
_aEarthquake engineering handbook / _cedited by Wai-Fah Chen, Charles Scawthorn. |
| 260 |
_aBoca Raton, FL : _bCRC Press, _cc2003. |
||
| 300 |
_a1 v. (in various pagings) : _bill. ; _c26 cm. |
||
| 526 |
_a0 _b0 _c0 _d624_176200000000000_CHE |
||
| 526 |
_a0 _b0 _c0 _d624_176200000000000_CHE |
||
| 650 | 0 |
_aEarthquake engineering _bNUST _936297 |
|
| 700 | 1 |
_aChen, Wai-Fah, _936298 |
|
| 700 | 1 |
_aScawthorn, Charles. _936299 |
|
| 856 | 4 | 2 | _uhttp://www.e-streams.com/es0610/es0610_2779.html |
| 856 | 4 | 2 | _uhttp://www.loc.gov/catdir/enhancements/fy0646/2002073647-d.html |
| 942 |
_2ddc _cBK |
||
| 999 |
_c541432 _d541432 |
||